01386nam a2200337Ia 4500001001200000003000800012006001900020007001500039008004100054020001500095040002100110035002000131050002300151245015100174260005900325300002300384504005100407533015200458610004200610650002600652650002300678650002800701650002900729651004000758655002900798700002200827700003800849700001800887710001700905856012600922ebr10067552CaPaEBRm u cr cn|||||||||990901s2000 enka sb 001 0 eng d z0333733312 aCaPaEBRcCaPaEBR a(OCoLC)7074267614aHC353b.M23 2000eb00aMacroeconomic perspectives on the Danish economyh[electronic resource] /cedited by Torben M. Andersen, Svend E. Hougaard Jensen and Ole Risager. aHoundmills, Basingstoke, Hampshire :bPalgrave,c2000. axv, 376 p. :bill. aIncludes bibliographical references and index. aElectronic reproduction.bPalo Alto, Calif. :cebrary,d2009.nAvailable via World Wide Web.nAccess may be limited to ebrary affiliated libraries.20aEconomic and Monetary UnionzDenmark. 0aInvestmentszDenmark. 0aTaxationzDenmark. 0aFiscal policyzDenmark. 0aPublic welfarezDenmark. 0aDenmarkxEconomic conditionsy1945- 7aElectronic books.2local1 aAndersen, Torben.1 aJensen, Svend E. Hougaard,d1959-1 aRisager, Ole.2 aebrary, Inc.40uhttp://site.ebrary.com/lib/rucke/Doc?id=10067552zAn electronic book accessible through the World Wide Web; click to view